Music Quiz

Random Music or Kpop Quiz

Guess the K-Pop MV Quiz Stats

Quiz not verified by Sporcle

Challenge
Share
Tweet
Score 0/16 Timer 10:00
0 Plays Today
Group Song % Correct
Super Junior MSwing
79.7%
BlockBJackpot
78.3%
BeastShadow
71.2%
B.A.PRain Sound
68.1%
Yong JunHyungFlower
67.2%
Brown Eyed GirlsKill Bill
65.5%
Sunmi24 hours
63.8%
Nu'estSleep Talking
63.4%
Group Song % Correct
VIXXon and on
61.9%
MblaqBe a man
51%
Epik HighDon't hate me
40.3%
ToppDoggOpen the door
36.2%
BTOBBeep Beep
35.1%
M.I.BChisa Bounce
33.7%
Cross Geneladi dadi
32.9%
Royal Pirates Drawing the line
24.5%

You're not logged in!

Compare scores with friends on all Sporcle quizzes.
Join for Free
OR
Log In

You Might Also Like...

Show Comments

Extras

Top Quizzes Today


Score Distribution

Your Account Isn't Verified!

In order to create a playlist on Sporcle, you need to verify the email address you used during registration. Go to your Sporcle Settings to finish the process.

Report this User

Report this user for behavior that violates our Community Guidelines.

Details: